| 000 | 00599nam a2200193 a 4500 | ||
|---|---|---|---|
| 005 | 20240907063648.0 | ||
| 008 | 991125s1968 ag 000 0 spa u | ||
| 035 | _aUPN01000007824 | ||
| 049 | _aCG | ||
| 050 | 4 |
_aLB1507 _bV4.28 |
|
| 100 | 1 | _aVessel, M. F. | |
| 245 | 1 | 4 |
_aLas ciencias en la escuela primaria / _cM. F. Vessel ; tr. Flora Setaro. |
| 260 |
_aBuenos Aires : _bTroquel, _c1968. |
||
| 300 | _a156 p. | ||
| 440 | 0 | _aBiblioteca de la nueva educación | |
| 650 | 4 |
_aCiencia _xEstudio y enseñanza (Elemental) _97402 |
|
| 650 | 0 |
_aEducación primaria _zEstados Unidos _918493 |
|
| 905 | _aLibro | ||
| 999 |
_c7824 _d7824 |
||